Normal view
MARC view
- Farmers
Entry Topical Term
001 - CONTROL NUMBER
- control field: 6744
003 - CONTROL NUMBER IDENTIFIER
- control field: NUST
005 - DATE AND TIME OF LATEST TRANSACTION
- control field: 20171123113503.0
008 - FIXED-LENGTH DATA ELEMENTS
- fixed length control field: 171123|| aca||aabn | a|a d
040 ## - CATALOGING SOURCE
- Original cataloging agency: NUST
- Transcribing agency: NUST
150 ## - HEADING--TOPICAL TERM
- Topical term or geographic name entry element: Farmers
- General subdivision: Legal status, laws, etc.
- Geographic subdivision: Hindu Kush-Himalayan Region.
670 ## - SOURCE DATA FOUND
- Source citation: Work cat.: (NUST)0: Farmers' rights to livelihood in the Hindu-Kush Himalayas /, c2003.
